| 000 | 01216nam a22003257a 4500 | ||
|---|---|---|---|
| 003 | CHAP | ||
| 005 | 20220329134758.0 | ||
| 008 | 971013s1976 r 00010 d | ||
| 010 | _a25762 | ||
| 011 | _a26734 | ||
| 035 | _a30835 | ||
| 040 | _cCHAP | ||
| 082 |
_a576.1192 _bI5 |
||
| 110 |
_aInternational Biodegradation Symposium ( _n3 _c: Kingston, Rhode Island) _959553 |
||
| 245 | _aProceedings | ||
| 260 |
_aLondon : _bApplied Science, _c1976 |
||
| 300 | _av | ||
| 500 | _aLa biblioteca tiene: v.1 Sessions IV, XIV.- v.2 Sessiones XI, XII, XVI | ||
| 590 |
_aBATCH-UPD _b10 _c20130110 _lUCH01 _h1644 |
||
| 590 |
_aBATCH-UPD _b10 _c20130410 _lUCH01 _h1034 |
||
| 590 |
_aBATCH-UPD _b10 _c20130914 _lUCH01 _h0628 |
||
| 590 |
_aCONVERSION _b10 _c20130109 _lUCH01 _h1315 |
||
| 650 | 1 | 4 |
_aBiodegradación. _912723 |
| 901 | _aBK | ||
| 942 | _cLIBRO | ||
| 949 |
_a576.1192 I5 _bBC _cLIBRO _d33724000429460 _eLIBRO _fv.1 c.2 _h53542 _i30835 _si _t975.00 |
||
| 949 |
_a576.1192 I5 _bBC _cLIBRO _d33724000429478 _eLIBRO _fv.2 c.2 _h53544 _i30835 _si _t975.00 |
||
| 949 |
_a576.1192 I5 _bBC _cLIBRO _d33724000429486 _eLIBRO _fv.2 _h53543 _i30835 _si _t975.00 |
||
| 949 |
_a576.1192 I5 _bBC _cLIBRO _d33724000429494 _eLIBRO _fv.1 _h53541 _i30835 _si _t975.00 |
||
| 999 |
_c25762 _d25762 |
||